000 00998nam a2200277Ia 4500
003 OSt
005 20221007121730.0
006 a|||||r|||| 00| 0
007 ta
008 221006b |||||||| |||| 00| 0 eng d
020 _a817319288X (hbd)
_cRs.685.00
024 _a6448
037 _bN R,
_cTextual
040 _aBDL
_cBDL
_beng
041 _2eng
_aeng
082 _aJ1:(G:F), N9
100 _aGhosh S P Ed
_9712830
245 0 _aBiotechnology and its application in horticulture ed by S P Ghosh
260 _aNew
_bDelhi Narosa Publishing House
_c1999
300 _ax,361p
_ccm.
500 _aIncludes bibliographical references; ^n23/CSL/Carb/99-2000/806^d2000-02-09^mPurchase; ; 99-2000/382^b2000-02-24^c147/99^d2000-02-19^eRs.2,984.00^fN R Book Distributors; ; 2000-03-06^c2000-02-06^r2000-04-28
650 _a Horticulture biotechnology
_9712831
650 _aAgriculture
942 _hJ1:(G:F), N9
_cTEXL
_2CC
999 _c1209269
_d1209269